Experimentální cvičení a zkoušení strojů v technice prostředí

Bibliographic Details
Main Author: Drkal, František (Author)
Format: Book
Language:Czech
PhysicalDescription:309 s. 29 cm
Published: Praha České vysoké učení technické 1992
ISBN:8001008258
Edition:2. vyd.

MARC

LEADER 00000nam a2200000 a 4500
001 vtls001137564
003 SK-MaSNL
005 20260301111814.0
008 250414s1992 CS 0 cze
020 |a 8001008258 
035 |a SNK000080417 
040 |a SNK  |b slo  |c SNK  |e AACR2 
041 0 |a cze 
044 |a [CS] 
080 |a 53.08(075.8)  |2 1981 
080 |a 621.317(075.8)  |2 1981 
100 1 |a Drkal, František  |4 aut  |9 385495 
245 1 0 |a Experimentální cvičení a zkoušení strojů v technice prostředí  |c František Drkal 
250 |a 2. vyd. 
260 |a Praha  |b České vysoké učení technické  |c 1992 
300 |a 309 s.  |c 29 cm 
500 |a p. aj: Experimentální 
852 |a Slovenská národná knižnica 
919 |a 80-01-00825-8 
954 |a technika prostredia  |a meranie 
999 |c 708461  |d 710391 
952 |t P60, <04>, [BOOK], {604}  |a SNK  |b SNK  |y VYP  |7 0  |p 17A0115520  |o snkIB 68155  |0 0  |1 0  |4 0  |d 1997-12-19  |l 0  |r 2005-01-01 00:00:00  |w 2026-02-23